Numerical methods (Record no. 20681)

MARC details
000 -LEADER
fixed length control field 00495 a2200205 4500
001 - CONTROL NUMBER
control field 140068
003 - CONTROL NUMBER IDENTIFIER
control field OSt
005 - DATE AND TIME OF LATEST TRANSACTION
control field 20260120172827.0
008 - FIXED-LENGTH DATA ELEMENTS--GENERAL INFORMATION
fixed length control field
020 ## - INTERNATIONAL STANDARD BOOK NUMBER
International Standard Book Number 9780074633113
082 ## - DEWEY DECIMAL CLASSIFICATION NUMBER
Classification number 519.4
Item number B18N
100 1# - MAIN ENTRY--PERSONAL NAME
Personal name Balagurusamy, E.
245 1# - TITLE STATEMENT
Title Numerical methods
Statement of responsibility, etc by E. Balagurusamy
260 ## - PUBLICATION, DISTRIBUTION, ETC. (IMPRINT)
Place of publication, distribution, etc New Delhi
Name of publisher, distributor, etc McGraw Hill
Date of publication, distribution, etc 2013
300 ## - PHYSICAL DESCRIPTION
Extent 608p.
546 ## - LANGUAGE NOTE
Language note english
650 ## - SUBJECT ADDED ENTRY--TOPICAL TERM
Topical term or geographic name as entry element Mathematics
653 ## - INDEX TERM--UNCONTROLLED
Uncontrolled term Numerical analysis
942 ## - ADDED ENTRY ELEMENTS (KOHA)
Source of classification or shelving scheme Dewey Decimal Classification
Koha item type Books
Holdings
Withdrawn status Lost status Source of classification or shelving scheme Damaged status Not for loan Collection code Home library Current library Department Date acquired Source of acquisition Cost, normal purchase price Inventory number(Invoice/Date) Total Checkouts Full call number Barcode Date last seen Price effective from Koha item type Date checked out
    Dewey Decimal Classification     General Text Book Central University Of Rajasthan Central University Of Rajasthan Mathematics 12/03/2014 Pranay Books 465.00 177/27.09.13   519.4 B18N 15936 21/11/2024 02/09/2020 Books  
    Dewey Decimal Classification     General Text Book Central University Of Rajasthan Central University Of Rajasthan Mathematics 12/03/2014 Pranay Books 465.00 177/27.09.13 1 519.4 B18N 15937 21/11/2024 02/09/2020 Books 07/03/2024
    Dewey Decimal Classification     General Text Book Central University Of Rajasthan Central University Of Rajasthan Mathematics 12/03/2014 Pranay Books 465.00 177/27.09.13 1 519.4 B18N 15938 21/11/2024 02/09/2020 Books 08/10/2021
    Dewey Decimal Classification     Reserve Text Book Central University Of Rajasthan Central University Of Rajasthan Mathematics 12/03/2014 Pranay Books 465.00 177/27.09.13   519.4 B18N 15939 21/11/2024 02/09/2020 Books